Statistics for Top Oil Reserve Countries

Click here to take the quiz!

General Stats

  • This quiz has been taken 30,551 times
    (15,851 since last reset)
  • The average score is 15 of 20

Answer Stats

Mil. BarrelsCountry% Correct
47,053United States
99%
267,026Saudi Arabia
97%
80,000Russia
96%
155,600Iran
95%
145,019Iraq
94%
167,896Canada
91%
26,154China
91%
97,800United Arab Emirates
87%
25,244Qatar
82%
101,500Kuwait
82%
13,239Brazil
81%
302,809Venezuela
79%
8,219Norway
71%
36,972Nigeria
63%
48,363Libya
62%
8,160Algeria
60%
30,000Kazakhstan
59%
8,273Angola
33%
7,000Azerbaijan
33%
8,273Ecuador
28%

Score Distribution

Percentile by Number Answered

Percent of People with Each Score

Your Score History

You have not taken this quiz since the last reset